| 000 | 00614nam a2200217Ii 4500 | ||
|---|---|---|---|
| 003 | JO-AjNU | ||
| 008 | 230606s9999||||xx |||||||||||||| ||und|| | ||
| 020 | _a1-84480-029-6 | ||
| 040 |
_aJO-AjNU _beng _erda _cJO-AjNU |
||
| 041 | _aeng | ||
| 050 | 1 | 4 | _aHF5635 .B34 1900 |
| 100 | 3 |
_aBelkaoui,Ahmed Riahi, _eauthor _93074 |
|
| 245 | 0 | 0 | _aAccounting Theory |
| 250 | _a5th ed | ||
| 264 | 3 | 1 | _aAustralia: Thomson,1900 |
| 300 |
_a598p _b Includes indexes(pages555-598) |
||
| 336 |
_atext _btxt _2rdacontent |
||
| 337 |
_aunmediated _bn _2rdamedia |
||
| 338 |
_avolume _bnc _2rdacarrier |
||
| 650 | 4 |
_aAccounting _93075 |
|
| 999 |
_aE1612 _c1612 _d1612 |
||